| 000 | 01316cam a22003617a 4500 | ||
|---|---|---|---|
| 003 | CHAP | ||
| 005 | 20220817043412.0 | ||
| 008 | 971121d1997 mx o r 00110 spa d | ||
| 010 | _a74467 | ||
| 011 | _a75439 | ||
| 035 | _a85003 | ||
| 040 | _cCHAP | ||
| 090 | _aTesis | ||
| 100 | 0 | 0 |
_aMarroquín Flores, Rubén Alejandro. _971561 |
| 245 | 1 | 0 |
_aAlgunos aspectos sobre la fenología, producción de bellota y propagación de seis especies de encino Quercus L. del estado de Nuevo León, México _c/por Rubén Alejandro Marroquín Flores |
| 260 |
_aLinares, N. L. : _bEl autor, _c1997. |
||
| 300 |
_a147 h. : _bfotografía ; gráfs. |
||
| 502 | _aTesis (Maestría en Ciencias Forestales) -- UANL. Facultad de Ciencias Forestales | ||
| 590 |
_aALEPH _b10 _c20130110 _lUCH01 _h1419 |
||
| 590 |
_aBATCH-UPD _b10 _c20130110 _lUCH01 _h1535 |
||
| 590 |
_aBATCH-UPD _b10 _c20130410 _lUCH01 _h0940 |
||
| 590 |
_aBATCH-UPD _b10 _c20130914 _lUCH01 _h1356 |
||
| 590 |
_aCONVERSION _b10 _c20130109 _lUCH01 _h1341 |
||
| 650 | 1 | 4 |
_aFenología. _940043 |
| 650 | 1 | 4 | _aPropagación de árboles. |
| 650 | 1 | 4 |
_aQuercus. _993173 |
| 650 | 1 | 4 |
_aSemillas forestales. _9103935 |
| 650 | 2 | 4 |
_aViveros forestales. _9120100 |
| 901 | _aBK | ||
| 905 | _aGuadalupe Pinto C. | ||
| 942 | _cTESIS | ||
| 949 |
_bBC _cTES _d850031 _eTS1 _h31593 _i85003 _sb |
||
| 999 |
_c74467 _d74467 |
||